000 00330nam a2200145Ia 4500
100 _aStevenson/W.D.
650 _aElectrical Engineering
942 _cBK
654 _aElements
245 _aElements Of Power System Analysis
260 _bMcGraw Hill
_aAuckland
_c1984
082 _a621.3
300 _a436
546 _aENGLISH
999 _c28289
_d28289